书目信息 |
| 题名: |
分享爱情
|
|
| 作者: | 阿普尔盖特 著 | |
| 分册: | ||
| 出版信息: | 天津 百花文艺出版社 1997.02 |
|
| 页数: | 230页 | |
| 开本: | 32开 | |
| 丛书名: | ||
| 单 册: | ||
| 中图分类: | I712.45 | |
| 科图分类: | ||
| 主题词: | 文学 | |
| 电子资源: | ||
| ISBN: | 7-5306-2388-5 | |
| 000 | 00569nam0 2200193 45 | |
| 001 | 0011021058 | |
| 005 | 20010430104233.3 | |
| 010 | @a7-5306-2388-5@d9.60元 | |
| 100 | @a20001102d1997 km y0chiy0120 ea | |
| 101 | 0 | @achi |
| 105 | @a z 000yy | |
| 200 | 1 | @a分享爱情@AFen Xiang Ai Qing@f(美)阿普尔盖特著;孙建成译@F(Mei)A Pu Er Gai Te Zhu;Sun Jian Cheng Yi |
| 210 | @a天津@c百花文艺出版社@d1997.02 | |
| 215 | @a230页@d32开 | |
| 606 | 0 | @a文学 |
| 690 | @aI712.45@v3 | |
| 701 | 0 | @a阿普尔盖特@4著 |
| 801 | @aCN@bPftUser@c20001102 | |
| 905 | @dI712.45@eA209@b341121-125@f5 | |
| 分享爱情/(美)阿普尔盖特著;孙建成译.-天津:百花文艺出版社,1997.02 |
| 230页;32开 |
| ISBN 7-5306-2388-5:9.60元 |
| ● |
| 相关链接 |
|
|
|
正题名:分享爱情
索取号:I712.45/A209
 
预约/预借
| 序号 | 登录号 | 条形码 | 馆藏地/架位号 | 状态 | 备注 |
| 1 | 341121 | 203411218 | 社科二线400B/400B社科库 4排4列5层/ [索取号:I712.45/A209] | 在馆 | |
| 2 | 341122 | 203411227 | 社科二线400B/108文学库 67排2列3层/ [索取号:I712.45/A209] | 在馆 | |
| 3 | 341123 | 203411236 | 文学库116/400B社科库 4排4列5层/ [索取号:I712.45/A209] | 在馆 | |
| 4 | 341124 | 203411245 | 社科二线400B/108文学库 67排2列3层/ [索取号:I712.45/A209] | 在馆 | |
| 5 | 341125 | 203411254 | 社科二线400B/400B社科库 4排4列4层/ [索取号:I712.45/A209] | 在馆 |